[Event "AUTO-INT-1485"]
[Site "http://www.queenalice.com/game.php?id=669374"]
[Date "2009.10.19"]
[Round "1"]
[White "otnedia1"]
[Black "Typhoon"]
[Result "0-1"]
[WhiteElo "1476"]
[BlackElo "1534"]

1. e4 e5 2. Nf3 Nc6 3. Bc4 Nf6 4. Nc3 d6 5. O-O Nd4 6. Nd5 Be6 7. d3 Bxd5 8. Bg5
Bxc4 9. dxc4 Nxf3+ 10. Qxf3 Be7 11. Rad1 Qd7 12. b3 O-O-O 13. b4 h6 14. Bxf6
Bxf6 15. c5 Qe7 16. Rfe1 g6 17. cxd6 Rxd6 18. c4 Rhd8 19. c5 Rd4 20. a3 Rxd1 21.
Rxd1 Rxd1+ 22. Qxd1 Qe6 23. g3 Qa2 24. Qc1 Bg5 25. Qc3 Qb1+ 26. Kg2 Qxe4+ 27. f3
Qe2+ 28. Kh3 Qf1+ 29. Kg4 f5# 0-1

[Event "AUTO-INT-1485"]
[Site "http://www.queenalice.com/game.php?id=669375"]
[Date "2009.10.19"]
[Round "1"]
[White "Typhoon"]
[Black "tkasper"]
[Result "1-0"]
[WhiteElo "1536"]
[BlackElo "1519"]

1. d4 d5 2. Nf3 Nf6 3. Nc3 Nc6 4. e3 Bf5 5. Bd3 e6 6. O-O Bd6 7. Re1 Bg4 8. e4
Nxd4 9. Nb5 Bc5 10. Be3 dxe4 11. Bxd4 Bxf3 12. Be2 Be7 13. Bxf3 exf3 14. Qxf3 c6
15. Nc3 Qxd4 16. Rad1 Qb6 17. Na4 Qa5 18. Nc3 O-O 19. Re3 Rad8 20. a3 Bc5 21. b4
Bxb4 22. axb4 Qxb4 23. h3 h6 24. Rb1 Qd6 25. Rxb7 Rd7 26. Rxd7 Qxd7 27. Rd3 Qc7
28. Ne4 Nxe4 29. Qxe4 Rd8 30. Rxd8+ Qxd8 31. Qxc6 Kh7 32. f4 Qd4+ 33. Kh1 Qxf4
34. c4 a6 35. c5 Qc4 36. Qc7 f6 37. c6 e5 38. Qd8 Qxc6 39. Kh2 e4 40. h4 h5 41.
Qe7 f5 42. Qf7 e3 43. Qxf5+ g6 44. Qf7+ Kh6 45. Qg8 e2 46. Qh8# 1-0

[Event "AUTO-INT-1485"]
[Site "http://www.queenalice.com/game.php?id=669376"]
[Date "2009.10.19"]
[Round "1"]
[White "tkasper"]
[Black "Typhoon"]
[Result "0-1"]
[WhiteElo "1586"]
[BlackElo "1515"]

1. d4 Nf6 2. Nc3 d5 3. Nf3 e6 4. a3 Ne4 5. Nxe4 dxe4 6. Ne5 Bd6 7. c4 f6 8. c5
Bxe5 9. Qa4+ Bd7 10. c6 Bxc6 11. Qc2 Bxd4 12. e3 Be5 13. a4 O-O 14. Bb5 Bd5 15.
O-O Qd6 16. Rd1 Bxh2+ 17. Kh1 c6 18. Bc4 Qe5 19. Qb3 b6 20. g3 Qh5 21. Kg2 g5
22. Qb4 g4 23. b3 Qh3+ 24. Kh1 Bxg3+ 25. Kg1 Qh2+ 26. Kf1 Qxf2# 0-1

[Event "Challenge"]
[Site "http://www.queenalice.com/game.php?id=676648"]
[Date "2009.11.2"]
[Round "-"]
[White "ymfrancois"]
[Black "Typhoon"]
[Result "1-0"]
[WhiteElo "1649"]
[BlackElo "1534"]

1. e4 e6 2. a3 b6 3. Bb5 Bb7 4. d3 c6 5. Bc4 Na6 6. Nf3 Be7 7. Bf4 d5 8. Bb3 Bd6
9. Bg5 Nf6 10. e5 h6 11. Bxf6 gxf6 12. exd6 Qxd6 13. O-O O-O-O 14. Nh4 Rdg8 15.
d4 Rg5 16. c3 Qf4 17. g3 Qd6 18. Qf3 f5 19. Kh1 c5 20. Bc2 Qd7 21. Nd2 cxd4 22.
cxd4 Rg4 23. Nxf5 Rg5 24. Nh4 Qc7 25. Rac1 f5 26. Bxf5 exf5 27. Rxc7+ Kxc7 28.
Qf4+ Kc8 29. Nxf5 Rh5 30. Nd6+ Kb8 31. Nf7+ 1-0

[Event "AUTO-INT-1209"]
[Site "http://www.queenalice.com/game.php?id=679582"]
[Date "2009.11.8"]
[Round "3"]
[White "Shortquick"]
[Black "Typhoon"]
[Result "0-1"]
[WhiteElo "1857"]
[BlackElo "1592"]

1. d4 d5 2. c4 c6 3. Nc3 Nf6 4. Nf3 h6 5. e3 Ne4 6. Bd3 Nxc3 7. bxc3 Bg4 8. O-O
e6 9. cxd5 cxd5 10. Qa4+ Nd7 11. Ne5 a6 12. Nxg4 b5 13. Qb3 Rc8 14. Bd2 Be7 15.
Rab1 O-O 16. a4 bxa4 17. Qxa4 a5 18. c4 f5 19. Ne5 Nxe5 20. dxe5 g5 21. Bxa5 Qe8
22. Qa2 Qc6 23. Rb6 Qd7 24. cxd5 Rc5 25. Rxe6 Rxd5 26. Rxe7 Qxe7 27. Qxd5+ Kg7
0-1

[Event "AUTO-INT-1209"]
[Site "http://www.queenalice.com/game.php?id=679583"]
[Date "2009.11.8"]
[Round "3"]
[White "Typhoon"]
[Black "Shortquick"]
[Result "1-0"]
[WhiteElo "1618"]
[BlackElo "1831"]

1. e3 c5 2. Nf3 Nc6 3. d4 cxd4 4. Nxd4 Nf6 5. Bd3 e5 6. Nxc6 bxc6 7. O-O Be7 8.
e4 O-O 9. Be3 d6 10. Nc3 d5 11. exd5 cxd5 12. Na4 Qc7 13. a3 Bd7 14. c3 Qa5 15.
b3 Bxa4 16. bxa4 Qxc3 17. Qb1 Ng4 18. Rc1 Qa5 19. Qb3 Bf6 20. Rc5 Rab8 21. Qc2
Qd8 22. Rb1 e4 23. Be2 Nxe3 24. fxe3 Bg5 25. Rxb8 Qxb8 26. Rxd5 Bxe3+ 27. Kf1
1-0

[Event "AUTO-INT-1209"]
[Site "http://www.queenalice.com/game.php?id=679586"]
[Date "2009.11.8"]
[Round "3"]
[White "Typhoon"]
[Black "UCSDRunner"]
[Result "1-0"]
[WhiteElo "1588"]
[BlackElo "1651"]

1. d4 d5 2. Nf3 b5 3. e3 c6 4. Bd3 g6 5. O-O Bg4 6. b4 e6 7. Nbd2 Nf6 8. Be2
Bxf3 9. Bxf3 h5 10. Nb3 Qd6 11. g3 Qxb4 12. Bd2 Qd6 13. Nc5 e5 14. Bb4 exd4 15.
exd4 Nbd7 16. a3 a5 17. Re1+ Be7 18. Nb7 Qe6 19. Rxe6 fxe6 20. Nxa5 c5 21. dxc5
Bxc5 22. Nb7 Bxb4 23. axb4 Rxa1 24. Qxa1 O-O 25. Qa5 Ne5 26. Be2 Rc8 27. Bxb5
Rxc2 28. Qd8+ Kg7 29. Qe7+ Nf7 30. Qxe6 Rb2 31. Qe1 Ng5 32. Qc3 Rb1+ 33. Kg2 Ne4
34. Qc7+ Kh6 35. Qe7 Kg5 36. Bd3 Rb3 37. Bxe4 dxe4 38. Qe5+ Kg4 39. h3# 1-0

[Event "AUTO-INT-1209"]
[Site "http://www.queenalice.com/game.php?id=679587"]
[Date "2009.11.8"]
[Round "3"]
[White "UCSDRunner"]
[Black "Typhoon"]
[Result "1-0"]
[WhiteElo "1726"]
[BlackElo "1605"]

1. e4 e5 2. c4 b6 3. d3 Bb4+ 4. Bd2 Bc5 5. b4 Bd4 6. Bc3 Nf6 7. Nf3 d6 8. Bxd4
exd4 9. Nxd4 Bd7 10. b5 Bg4 11. Be2 Bxe2 12. Qxe2 O-O 13. O-O Nbd7 14. Nc6 Qe8
15. Nc3 a6 16. a4 Ne5 17. Nxe5 Qxe5 18. Nd5 Nxd5 19. cxd5 f5 20. f4 Qf6 21. e5
dxe5 22. fxe5 Qd8 23. Qa2 axb5 24. d6+ Kh8 25. Qe6 Rxa4 26. Rab1 b4 27. Rxf5
Rxf5 28. Qxf5 cxd6 29. e6 g6 30. Qf7 Qg8 31. Rf1 Ra8 32. Rf4 b3 33. Rb4 Qxf7 34.
exf7 Kg7 35. Rxb6 Kxf7 36. Rb7+ Ke6 37. Rxb3 d5 38. Kf2 Rf8+ 39. Ke3 Ke5 40. d4+
Kf5 41. Rb5 Re8+ 42. Kf3 Rd8 43. g4+ Ke6 44. h4 Rf8+ 45. Kg3 h6 46. Rb6+ Ke7 47.
Rxg6 Rh8 48. Kf4 Kf7 49. Rd6 h5 50. g5 Rf8 51. Rf6+ Ke7 52. Rxf8 Kxf8 53. Ke5
1-0

[Event "Challenge"]
[Site "http://www.queenalice.com/game.php?id=686587"]
[Date "2009.11.21"]
[Round "-"]
[White "dida"]
[Black "Typhoon"]
[Result "1/2-1/2"]
[WhiteElo "1407"]
[BlackElo "1619"]

1. e4 e5 2. Qf3 Nc6 3. Bc4 Qf6 4. c3 Qxf3 5. Nxf3 d6 6. Ng5 h6 7. Bxf7+ Kd8 8.
Be6 Bxe6 9. Nxe6+ Kd7 10. Nxf8+ Ke8 11. Ne6 Rc8 12. Nxg7+ Kf7 13. Nf5 Rf8 14.
Na3 a6 15. Nc4 h5 16. d3 Nh6 17. Bxh6 Rxh6 18. Nxh6+ Kg6 19. Rf1 Kxh6 20. f3 b5
21. Ne3 b4 22. Nd5 Rf7 23. cxb4 Nd4 24. Rc1 c6 25. Nb6 Rb7 26. Nc4 d5 27. Nxe5
Rxb4 28. Nf7+ Kg6 29. Ne5+ Kf6 30. Nxc6 Rxb2 31. Nxd4 Rxa2 32. exd5 Rxg2 33. h4
Rh2 34. Ne2 Rxh4 35. Rc6+ Kf5 36. Rxa6 Rh2 37. d6 Rg2 38. d7 Rg8 39. Nd4+ Ke5
40. Nb5 Rd8 41. Ra7 Ke6 42. Nd4+ Kd6 43. Nf5+ Ke6 44. Nd4+ Kd6 45. Nf5+ Ke6 46.
Ng7+ Ke7 47. Nf5+ Ke6 1/2-1/2

[Event "Chaaabal !"]
[Site "http://www.queenalice.com/game.php?id=690324"]
[Date "2009.11.29"]
[Round "-"]
[White "Rafale2000"]
[Black "Typhoon"]
[Result "1-0"]
[WhiteElo "2002"]
[BlackElo "1594"]

1. a3 Nf6 2. Nf3 d5 3. d4 Nc6 4. Bg5 h6 5. Bf4 Bf5 6. e3 Ne4 7. Nbd2 e6 8. Bd3
g5 9. Bg3 Nxg3 10. hxg3 Bxd3 11. cxd3 Bg7 12. Qb3 b6 13. Rc1 Qd7 14. Ke2 g4 15.
Nh4 O-O-O 16. Rc2 Kb8 17. Rhc1 Na5 18. Qa2 h5 19. b4 Nb7 20. Rc6 Rc8 21. a4 Bf8
22. Qb3 Bd6 23. e4 dxe4 24. dxe4 Nd8 25. R6c2 c6 26. d5 c5 27. bxc5 Bxc5 28.
Rxc5 Nb7 29. Rxc8+ Rxc8 30. Rxc8+ Qxc8 31. dxe6 fxe6 32. Ng6 Na5 33. Qb4 Qa6+
34. Qb5 Qxb5+ 35. axb5 Kb7 36. f4 a6 37. bxa6+ Kxa6 38. Ne7 b5 39. f5 exf5 40.
exf5 b4 41. f6 Kb5 42. f7 b3 43. f8=Q b2 44. Qf5+ Ka4 45. Qxh5 Nc4 46. Nxc4 b1=Q
47. Qa5+ Kb3 48. Nd2+ 1-0

[Event "all blacks"]
[Site "http://www.queenalice.com/game.php?id=690325"]
[Date "2009.11.29"]
[Round "-"]
[White "Typhoon"]
[Black "Rafale2000"]
[Result "0-1"]
[WhiteElo "1607"]
[BlackElo "2000"]

1. d4 d5 2. Nc3 Nf6 3. e3 e6 4. Bd3 c5 5. Nf3 Nc6 6. O-O a6 7. a3 Qb6 8. Na4 Qa7
9. Nc3 Bd6 10. Ne2 c4 11. Bxc4 dxc4 12. b3 b5 13. bxc4 bxc4 14. Rb1 Rb8 15. Rxb8
Qxb8 16. c3 O-O 17. Qa4 Qb5 18. Qxb5 axb5 19. g3 Bd7 20. Rd1 Ra8 21. Bb2 Ra4 22.
Nh4 Bxa3 23. Bxa3 Rxa3 24. Nf3 h6 25. Ne5 Ra2 26. Nc1 Ra1 27. f3 b4 28. cxb4 c3
29. Ned3 Nd5 30. Re1 Ndxb4 31. Nxb4 Nxb4 32. Kf1 Bb5+ 33. Ne2 Nc2 34. Rxa1 Nxa1
35. Ke1 Nc2+ 36. Kf2 Bxe2 37. Kxe2 Na1 38. Kd3 c2 0-1

[Event "AUTO-INT-1485"]
[Site "http://www.queenalice.com/game.php?id=711093"]
[Date "2010.1.9"]
[Round "2"]
[White "MarTraM"]
[Black "Typhoon"]
[Result "1-0"]
[WhiteElo "1937"]
[BlackElo "1611"]

1. d4 d5 2. c4 e6 3. cxd5 Qxd5 4. Nc3 Bb4 5. e3 Qa5 6. Bd2 Bd7 7. a3 Bd6 8. Nf3
e5 9. Nb5 Qb6 10. Nxd6+ cxd6 11. dxe5 Ne7 12. exd6 Qxd6 13. Be2 O-O 14. Bb4 Qf6
15. O-O Rd8 16. Nd4 Nbc6 17. Nxc6 Nxc6 18. Qd6 Qxb2 19. Rab1 Qxe2 20. Rfe1 Qa6
21. Rbc1 Nxb4 22. Qxb4 Rac8 23. Rb1 b6 24. h3 Rc4 25. Qe7 Rcc8 26. Red1 Qb7 27.
Rb4 g6 28. Rbd4 Re8 29. Qxd7 Qxd7 30. Rxd7 a6 31. Rb1 b5 32. Rbd1 a5 33. Ra7 Ra8
34. Rb7 Rab8 35. Rxb8 Rxb8 36. Rd6 b4 37. axb4 axb4 38. Rd1 b3 39. Rb1 f5 40.
Kf1 Kf7 41. Ke2 Ke6 42. Kd3 Kd5 43. Kc3 Ke4 44. Rb2 f4 45. exf4 Kxf4 46. Rxb3
Rxb3+ 47. Kxb3 g5 48. Kc3 g4 49. hxg4 Kxg4 50. Kd3 Kf4 51. Ke2 h5 52. Kf1 Kg4
53. Kg1 h4 54. Kh2 Kg5 55. Kh3 Kh5 56. g3 1-0

[Event "AUTO-INT-1485"]
[Site "http://www.queenalice.com/game.php?id=711094"]
[Date "2010.1.9"]
[Round "2"]
[White "Typhoon"]
[Black "MarTraM"]
[Result "0-1"]
[WhiteElo "1633"]
[BlackElo "1905"]

1. d4 e6 2. Nf3 d5 3. e3 Nf6 4. c3 Bd6 5. Ne5 Bxe5 6. dxe5 Nfd7 7. c4 dxc4 8.
Bxc4 Nc6 9. f4 Nb6 10. Be2 Qxd1+ 11. Bxd1 O-O 12. O-O Ne7 13. b3 Nbd5 14. Bd2 c5
15. e4 Nc7 16. Be2 b6 17. f5 Bb7 18. Bd3 h6 19. Na3 a6 20. Nc4 Nc8 21. Be3 b5
22. Na5 Rb8 23. Bxc5 Rd8 24. Rad1 Re8 25. Bb6 Nxb6 26. Nxb7 Rxb7 27. f6 Rd8 28.
Rf3 Ne8 29. Rg3 g6 30. Be2 Rxd1+ 31. Bf1 Rc7 32. Rf3 Rcc1 0-1

[Event "AUTO-INT-1485"]
[Site "http://www.queenalice.com/game.php?id=711095"]
[Date "2010.1.9"]
[Round "2"]
[White "breizhil"]
[Black "Typhoon"]
[Result "1-0"]
[WhiteElo "1794"]
[BlackElo "1628"]

1. e4 e5 2. Nf3 Nc6 3. Bb5 Nd4 4. Bc4 Nf6 5. Ng5 Ne6 6. Bxe6 dxe6 7. d3 Be7 8.
O-O h6 9. Nf3 Bd6 10. b3 Bd7 11. Bb2 g5 12. Nxe5 c6 13. Nd2 Qc7 14. Ndc4 O-O 15.
Qf3 Be7 16. Rab1 b5 17. Ne3 Bd6 18. Qxf6 Bxe5 19. Bxe5 Qxe5 20. Qxe5 f6 21. Qd4
Bc8 22. Qc3 Bd7 23. Ng4 Kg7 24. f4 h5 25. Ne3 Kg8 26. fxg5 fxg5 27. Qe5 Rxf1+
28. Rxf1 1-0

[Event "AUTO-INT-1485"]
[Site "http://www.queenalice.com/game.php?id=711096"]
[Date "2010.1.9"]
[Round "2"]
[White "Typhoon"]
[Black "breizhil"]
[Result "0-1"]
[WhiteElo "1643"]
[BlackElo "1784"]

1. Nc3 c5 2. Nf3 Nc6 3. d3 d5 4. d4 cxd4 5. Nxd4 e5 6. Nf3 Nf6 7. e3 e4 8. Nd4
Bb4 9. Bd2 a6 10. a3 Bc5 11. Nb3 Ba7 12. Ne2 Bg4 13. c3 O-O 14. Qc1 Be6 15. Ned4
Qd6 16. Be2 Ne5 17. O-O Bg4 18. Re1 Bxe2 19. Nf5 Qc7 20. Rxe2 Nd3 21. a4 Nxc1
22. Nxc1 Ng4 23. Nb3 Qxh2+ 0-1

[Event "Challenge"]
[Site "http://www.queenalice.com/game.php?id=718098"]
[Date "2010.1.21"]
[Round "-"]
[White "Adinirso"]
[Black "Typhoon"]
[Result "1-0"]
[WhiteElo "1640"]
[BlackElo "1608"]

1. e4 e5 2. Nf3 Nc6 3. a3 d6 4. h3 Nf6 5. Nc3 Be7 6. Bc4 O-O 7. O-O Bd7 8. Qe2
Nd4 9. Nxd4 exd4 10. Nd5 c6 11. Nxf6+ Bxf6 12. d3 Re8 13. Qf3 Re5 14. Bf4 Re8
15. Bxd6 Be6 16. Qg3 Bxc4 17. dxc4 Rxe4 18. Rab1 Re6 19. c5 b6 20. b4 bxc5 21.
Bxc5 Qb8 22. Qxb8+ Rxb8 23. Bxa7 Rb7 24. Bc5 Rd7 25. Rbd1 Rd5 26. c4 Rd7 27. Rd2
d3 28. Rfd1 Rd4 29. Bxd4 Bxd4 30. Rxd3 Bxf2+ 31. Kxf2 Rf6+ 32. Kg3 Rg6+ 33. Kh2
Kf8 34. Rd8+ Ke7 35. R1d7+ Kf6 36. Rd6+ Kf5 37. Rxg6 Kxg6 38. Rd6+ 1-0

[Event "Aussitôt dit"]
[Site "http://www.queenalice.com/game.php?id=769726"]
[Date "2010.5.2"]
[Round "-"]
[White "Typhoon"]
[Black "Rafale2000"]
[Result "1/2-1/2"]
[WhiteElo "1591"]
[BlackElo "1998"]

1. d4 d6 2. e4 g6 3. Nc3 Bg7 4. Nf3 c6 5. Be3 Nf6 6. e5 dxe5 7. dxe5 Nd5 8. Nxd5
Qxd5 9. Qxd5 cxd5 10. O-O-O e6 11. Bc5 Nd7 12. Bd6 Bf8 13. Bb5 a6 14. Bxd7+ Bxd7
15. Bxf8 Kxf8 16. g4 Kg7 17. g5 Rac8 18. Nd4 Rc7 19. h4 h5 20. Rh3 Rhc8 21. c3
b5 22. Rdd3 b4 23. Rdf3 bxc3 24. Rxc3 Rc4 25. Nb3 Re4 26. Nc5 Rd8 27. Nxe4 dxe4
28. Rhe3 Ba4 29. b3 Bb5 30. a4 Bd3 31. f3 Rd4 32. fxe4 Bxe4 33. Rc4 Rxc4+ 34.
bxc4 Bc6 35. a5 Kf8 36. c5 Ke7 37. Rb3 Bb5 38. Rc3 Kd7 39. Kd2 Kc6 40. Ke3 Kd5
41. Kf4 Bc6 42. Rc1 Bb5 43. Rd1+ Kxc5 44. Rc1+ Kb4 45. Rc7 Bd3 46. Rxf7 Bf5 47.
Rxf5 1/2-1/2

[Event "Aussitôt fait"]
[Site "http://www.queenalice.com/game.php?id=769727"]
[Date "2010.5.2"]
[Round "-"]
[White "Rafale2000"]
[Black "Typhoon"]
[Result "1-0"]
[WhiteElo "1996"]
[BlackElo "1593"]

1. d4 Nf6 2. c4 d5 3. Nf3 e6 4. g3 b6 5. cxd5 exd5 6. Bg2 Nc6 7. O-O Be6 8. Nc3
Rb8 9. Bg5 Be7 10. Re1 Ne4 11. Bxe7 Nxe7 12. Nxe4 dxe4 13. Ng5 h6 14. Nxe6 fxe6
15. Bxe4 Qd7 16. Rc1 Nd5 17. Bg6+ Kd8 18. e4 Ne7 19. Qg4 Nxg6 20. Qxg6 Rf8 21.
d5 Rf6 22. dxe6 Rxg6 23. exd7 Rd6 24. Red1 Kxd7 25. e5 Rxd1+ 26. Rxd1+ Ke7 27.
f4 Rd8 28. Rxd8 Kxd8 29. Kf2 Ke7 30. g4 g6 31. Ke3 c5 32. Ke4 b5 33. Kd5 c4 34.
f5 gxf5 35. gxf5 a5 36. a4 bxa4 37. Kxc4 Kd7 38. Kb5 1-0

[Event "partie révolutionnaire"]
[Site "http://www.queenalice.com/game.php?id=803165"]
[Date "2010.7.14"]
[Round "-"]
[White "Rafale2000"]
[Black "Typhoon"]
[Result "1-0"]
[WhiteElo "2014"]
[BlackElo "1605"]

1. b4 e5 2. Bb2 d6 3. c4 Nd7 4. e3 Ndf6 5. Nc3 Be6 6. Nf3 e4 7. Nd4 Qe7 8. Be2
d5 9. Nxe6 Qxe6 10. cxd5 Nxd5 11. O-O O-O-O 12. a3 Nxc3 13. Bxc3 f6 14. f3 Nh6
15. Qa4 a6 16. b5 Bc5 17. bxa6 bxa6 18. Bxa6+ Kb8 19. Rab1+ Bb6 20. Bd4 Rd6 21.
Rb5 Nf5 22. Rfb1 Nxd4 23. exd4 Rxd4 24. Qxd4 Ka7 25. Rxb6 cxb6 26. Bc4 Qc6 27.
Bd5 Qd7 28. Qxb6# 1-0

[Event "Vive le 14 juillet"]
[Site "http://www.queenalice.com/game.php?id=803166"]
[Date "2010.7.14"]
[Round "-"]
[White "Typhoon"]
[Black "Rafale2000"]
[Result "1/2-1/2"]
[WhiteElo "1603"]
[BlackElo "2079"]

1. d4 Nf6 2. Nf3 c5 3. dxc5 Na6 4. e3 Nxc5 5. Bd3 g6 6. O-O Bg7 7. b4 Nxd3 8.
Qxd3 O-O 9. a3 d5 10. c3 Bf5 11. Qe2 Qb6 12. Nd4 Bg4 13. Qd3 Rac8 14. Bb2 a6 15.
Nd2 e5 16. N4b3 Bf5 17. Qe2 Rfe8 18. Rac1 Ne4 19. Nxe4 Bxe4 20. f3 Bf5 21. Nc5
Bf8 22. Nd3 a5 23. Rc2 axb4 24. axb4 d4 25. cxd4 Rxc2 26. Qxc2 Bxd3 27. Qxd3
exd4 28. Qxd4 Qxd4 29. Bxd4 Bxb4 30. Rb1 Bd2 31. Rxb7 Bxe3+ 32. Bxe3 Rxe3 33.
Kf2 Re6 34. g4 Kf8 35. Rc7 Re7 36. Rc6 Kg7 37. h4 h6 38. Rb6 Re6 39. Rxe6 fxe6
40. g5 hxg5 41. hxg5 e5 42. Ke3 Kf7 43. Kd3 Ke7 44. Ke4 Kd6 45. f4 exf4 46. Kxf4
Kd5 47. Kf3 Ke5 48. Kg4 Ke4 49. Kg3 Kf5 50. Kh4 Kf4 51. Kh3 Kxg5 52. Kg3 Kf5 53.
Kf3 Ke5 54. Kg4 Ke6 55. Kg5 Kf7 56. Kf4 Kf6 57. Kf3 Kf5 58. Kg3 Kg5 59. Kf3 Kh4
60. Kg2 g5 61. Kh2 Kg4 62. Kg2 Kf5 63. Kf3 Kf6 64. Ke4 Ke6 65. Ke3 Ke5 66. Kf3
Kf6 67. Ke4 Kg6 68. Kf3 Kh5 69. Kg3 g4 70. Kh2 Kh4 71. Kg2 g3 72. Kg1 Kg4 73.
Kg2 Kf4 74. Kg1 Kg5 75. Kf1 Kf5 76. Kg1 Kf4 77. Kg2 Kg4 78. Kg1 Kh4 79. Kg2 Kg4
1/2-1/2

[Event "Wissous 2"]
[Site "http://www.queenalice.com/game.php?id=865907"]
[Date "2010.11.30"]
[Round "-"]
[White "Typhoon"]
[Black "Rafale2000"]
[Result "0-1"]
[WhiteElo "1617"]
[BlackElo "2092"]

1. e4 Nf6 2. Nc3 d5 3. d3 dxe4 4. dxe4 Qxd1+ 5. Nxd1 Nxe4 6. Bd3 Nc5 7. Ne2
Nxd3+ 8. cxd3 e5 9. O-O Nc6 10. Bd2 Bf5 11. Nec3 Bxd3 12. Re1 O-O-O 13. b3 Ba3
14. Bc1 Bb4 15. Re3 Bc2 16. Nb2 f5 17. Re2 Nd4 18. Re3 Bxc3 19. Rxc3 Ne2+ 20.
Kf1 Nxc3 21. Nc4 Rd1# 0-1

[Event "Challenge"]
[Site "http://www.queenalice.com/game.php?id=969971"]
[Date "2011.8.8"]
[Round "-"]
[White "Typhoon"]
[Black "Rafale2000"]
[Result "0-1"]
[WhiteElo "1613"]
[BlackElo "1970"]

1. d4 f5 2. e3 Nf6 3. Nc3 e6 4. Bd3 Be7 5. Nf3 O-O 6. O-O b6 7. e4 fxe4 8. Bxe4
d5 9. Bd3 c5 10. Be2 Nc6 11. Ne5 Nxd4 12. Nb5 Nxb5 13. Bxb5 a6 14. Be2 Bd6 15.
Nf3 e5 16. c3 d4 17. c4 Qc7 18. g3 e4 19. Nh4 d3 20. Bh5 g6 21. Bg4 Bxg4 22. Qd2
Rae8 23. b3 b5 24. Qh6 Rf7 25. Nxg6 Bf8 26. Nxf8 Rexf8 27. h3 Be2 28. Bf4 Qd7
29. Rfc1 Qf5 30. Kh2 Bg4 31. hxg4 Nxg4+ 0-1

[Event "Challenge"]
[Site "http://www.queenalice.com/game.php?id=969972"]
[Date "2011.8.8"]
[Round "-"]
[White "Rafale2000"]
[Black "Typhoon"]
[Result "1-0"]
[WhiteElo "1957"]
[BlackElo "1615"]

1. e4 b6 2. d4 Bb7 3. Bd3 Nf6 4. Nc3 d5 5. e5 Ne4 6. Bd2 Nxd2 7. Qxd2 e6 8. f4
Ba6 9. Qe2 Bxd3 10. Qxd3 Bb4 11. O-O-O Nc6 12. Nge2 O-O 13. a3 Be7 14. g4 Rb8
15. f5 Qd7 16. h4 exf5 17. gxf5 f6 18. e6 Qd6 19. h5 a5 20. Nb5 Qd8 21. h6 Qe8
22. hxg7 Kxg7 23. Rdg1+ Kh8 24. Rxh7+ Kxh7 25. Qh3+ 1-0